Colored Star Selection IV Quiz Stats

 Plays Quiz Updated Jun 13, 2018

Challenge
Share
Tweet
Score 0/67 Timer 01:00
6 Plays Today
% Correct
???
97.2%
???
95.8%
???
95.1%
???
89.2%
???
87.2%
???
83.7%
???
82.6%
???
82%
???
80.5%
???
78.4%
???
78.4%
???
77.1%
???
76.9%
???
76.7%
???
75.6%
???
74.8%
???
74.4%
???
73%
???
72.9%
???
72.7%
???
72.3%
???
71.8%
???
71.3%
???
71.2%
???
71.2%
???
71.2%
???
71.2%
???
71%
???
70.8%
???
70.7%
???
70.7%
???
70.6%
???
70.4%
???
70.1%
% Correct
???
69.5%
???
69.2%
???
69.1%
???
67.6%
???
67%
???
67%
???
66.9%
???
66.8%
???
65.6%
???
65.5%
???
65.5%
???
65.1%
???
64.7%
???
64.3%
???
64%
???
63.9%
???
63.7%
???
63.6%
???
61.7%
???
61.7%
???
61.7%
???
61.2%
???
60.9%
???
60.6%
???
59.9%
???
59.8%
???
59.5%
???
59.1%
???
58.3%
???
57.5%
???
57.1%
???
56.9%
???
55.3%

You're not logged in!

Compare scores with friends on all Sporcle quizzes.
OR
Log In

You Might Also Like...

Show Comments

Extras

Top Quizzes Today


Score Distribution

Your Account Isn't Verified!

In order to create a playlist on Sporcle, you need to verify the email address you used during registration. Go to your Sporcle Settings to finish the process.

Report this User

Report this user for behavior that violates our Community Guidelines.

Details: